|
|
|
|
| LEADER |
00607cam a2200205 a 4500 |
| 001 |
0000021262 |
| 005 |
19971217090000.0 |
| 040 |
|
|
|a mod
|
| 041 |
|
|
|a eng
|
| 020 |
0 |
0 |
|a 0671666371
|
| 090 |
0 |
0 |
|a 364.4
|b KWI
|
| 100 |
1 |
0 |
|a KWITNY
|h Jonathan
|
| 245 |
1 |
4 |
|a The crimes of patriots
|b a true tale of dope, dirty money and he CIA
|c Jonathan Kwitny
|
| 260 |
0 |
0 |
|a New York
|b Simon & Schuster Inc.
|c 1987
|
| 300 |
0 |
0 |
|a 424p.
|b ill.
|c 21cm
|
| 650 |
0 |
0 |
|a Narcotics
|
| 650 |
0 |
0 |
|a Crimes
|
| 651 |
0 |
0 |
|a United States
|x Central intelligence Agency
|
| 852 |
0 |
0 |
|a 01
|
| 999 |
|
|
|a 0109595
|b KEMENTAH
|d BOOKS
|e Umum
|f Perpustakaan KEMENTAH
|j AVAILABLE
|q OLD
|